| 000 | 01180nam a2200277Ia 4500 | ||
|---|---|---|---|
| 003 | OSt | ||
| 005 | 20220923211246.0 | ||
| 006 | a|||||r|||| 00| 0 | ||
| 007 | ta | ||
| 008 | 220922b |||||||| |||| 00| 0 san d | ||
| 020 |
_a9788178543208 (hbk) _c1000 |
||
| 024 | _a324,914 | ||
| 037 |
_b36, 29/01/2018, Mallika Books _cTextual |
||
| 040 |
_aARTS _cARTS _bsan |
||
| 041 |
_2san _asan |
||
| 082 | _aO15,1N36,2, 152N1;Q7 | ||
| 100 | _aहरिनारायण दीक्षित, ले. | ||
| 245 | 0 | _aभीष्मचरितम्ः स्वोपज्ञ हिन्दी-अनुवादसहितं महाकाव्यम् | |
| 246 | _aBhīṣhmacharitahin svopagna hindī-anuvādasahitan hinākāvyam | ||
| 260 |
_aदिल्ली _b ईस्टर्न बुक लिंकर्स _c2017 |
||
| 300 |
_a484पृ0 _ccm. |
||
| 650 | _a संस्कृत साहित्य | ||
| 650 |
_aसंस्कृत कविता _9156350 |
||
| 942 |
_hO15,1N36,2, 152N1;Q7 _cTEXL _2CC |
||
| 999 |
_c297827 _d297827 |
||